| 000 | 00426nam a2200145Ia 4500 | ||
|---|---|---|---|
| 008 | 220216s9999 xx 000 0 und d | ||
| 100 | _aNadarajah M | ||
| 245 | 0 | _aStandardisation of production methods of latex crepes to suit end-use requirements | |
| 260 |
_bRubber Research Institute of Sri Lanka Bulletin _c1974 |
||
| 300 | _a45-49 | ||
| 650 | _aEPDM | ||
| 650 | _aLatex crepes | ||
| 700 | _aMuthukuda D S | ||
| 942 | _cJS | ||
| 999 |
_c69239 _d69239 |
||